[Event "Nikaia op 18th"]
[Site "Nikaia"]
[Date "2010.08.26"]
[Round "8"]
[White "Tzamouranis, Dimitrios"]
[Black "Grigoriadis, Alexandros"]
[Result "1/2-1/2"]
[WhiteElo "2112"]
[BlackElo "2330"]
[PlyCount "185"]
[EventDate "2010.08.20"]
[EventType "swiss"]
[EventRounds "9"]
[EventCountry "GRE"]
[SourceTitle "CBM 138 Extra"]
[Source "ChessBase"]
[SourceDate "2010.10.29"]
[SourceVersion "1"]
[SourceVersionDate "2010.10.29"]
[SourceQuality "1"]

1. e4 g6 2. d4 Bg7 3. Nf3 d6 4. Be3 Nf6 5. Nbd2 0-0 6. Bc4 Nxe4 7. Nxe4 d5 8. Bd3 dxe4 9. Bxe4 Nd7 10. c3 Nf6 11. Bc2 b6 12. Qe2 Bb7 13. h4 h5 14. Rg1 Ng4 15. 0-0-0 Qd6 16. Kb1 a5 17. Ng5 e5 18. d5 Rad8 19. f3 Nxe3 20. Qxe3 Bh6 21. Qe2 Bxg5 22. hxg5 Kg7 23. Qe3 Rh8 24. Rge1 Rde8 25. Rh1 Bc8 26. Rh4 Bd7 27. g3 Qe7 28. Re1 c5 29. Re4 Qd6 30. c4 f5 31. Rxe5 Rxe5 32. Qxe5+ Qxe5 33. Rxe5 Kf7 34. Bd3 h4 35. gxh4 Rxh4 36. Re2 Rh3 37. Rf2 Rg3 38. Kc2 Rxg5 39. Kd2 Rg3 40. f4 Rh3 41. Bf1 Rh4 42. Ke3 Kf6 43. Rg2 Rh1 44. Kf2 Rh5 45. Be2 Rh4 46. Ke3 Rh1 47. Kd2 a4 48. a3 Rh3 49. Bd1 Rh4 50. Ke3 Rh1 51. Be2 Rb1 52. Bd3 Re1+ 53. Kd2 Rh1 54. Be2 Rh3 55. Kc2 Re3 56. Kd2 Re4 57. Rf2 Rd4+ 58. Ke3 Re4+ 59. Kd2 Rd4+ 60. Ke3 b5 61. cxb5 Rxd5 62. Rh2 c4 63. Bxc4 Rd6 64. Rh8 Be6 65. Bxe6 Kxe6 66. Ra8 Kd5 67. Rxa4 Re6+ 68. Kd3 Kc5 69. Ra6 Re4 70. Rxg6 Kxb5 71. Rf6 Rxf4 72. Ke3 Rf1 73. Ke2 Rf4 74. b3 Kc5 75. Ke3 Rf1 76. a4 Kb4 77. Ke2 Rf4 78. Rb6+ Ka5 79. Rb8 Ka6 80. b4 Ka7 81. Rb5 Ka6 82. Ke3 Rf1 83. Rd5 Kb6 84. a5+ Ka6 85. Rd6+ Kb7 86. b5 f4+ 87. Ke2 Rb1 88. a6+ Ka7 89. Rd7+ Ka8 90. Rd5 Ka7 91. Rf5 Rb4 92. Kf3 Kb6 93. Rxf4 1/2-1/2

[Event "Nikaia op 18th"]
[Site "Nikaia"]
[Date "2010.08.24"]
[Round "6"]
[White "Liodakis, Konstantinos Spyros"]
[Black "Tzamouranis, Dimitrios"]
[Result "0-1"]
[WhiteElo "1909"]
[BlackElo "2112"]
[PlyCount "116"]
[EventDate "2010.08.20"]
[EventType "swiss"]
[EventRounds "9"]
[EventCountry "GRE"]
[SourceTitle "CBM 138 Extra"]
[Source "ChessBase"]
[SourceDate "2010.10.29"]
[SourceVersion "1"]
[SourceVersionDate "2010.10.29"]
[SourceQuality "1"]

1. d4 d5 2. c4 c6 3. e3 Nf6 4. Nf3 g6 5. Nbd2 Bg7 6. Bd3 0-0 7. 0-0 Nbd7 8. b3 e5 9. dxe5 Ng4 10. Bb2 Ndxe5 11. Nxe5 Nxe5 12. Qc2 Nxd3 13. Bxg7 Kxg7 14. Qxd3 dxc4 15. Qc3+ Qf6 16. Qxc4 Rd8 17. Nf3 b6 18. Rad1 Bb7 19. Rd4 Rxd4 20. exd4 Rd8 21. Re1 c5 22. dxc5 Bxf3 23. gxf3 Rd4 24. Qe2 Qg5+ 25. Kh1 Qxc5 26. Qe7 Rd2 27. Qxc5 bxc5 28. Kg2 Rxa2 29. Rc1 Rb2 30. Rxc5 Rxb3 31. Ra5 Rb7 32. Ra6 Kf8 33. Kg3 Ke8 34. Kg4 Kd8 35. Kg5 Kc8 36. Rf6 Rb5+ 37. Kh6 Rf5 38. Ra6 Kb7 39. Rd6 Rh5+ 40. Kg7 f5 41. f4 Rxh2 42. f3 Rh3 43. Re6 a6 44. Rd6 a5 45. Kg8 Rh2 46. Kg7 Rc2 47. Kxh7 Rc6 48. Rxg6 a4 49. Rg2 Kb6 50. Re2 Kb5 51. Re5+ Rc5 52. Kg6 a3 53. Re8 Kb4 54. Ra8 Ra5 55. Rxa5 Kxa5 56. Kxf5 a2 57. Ke6 a1Q 58. f5 Qg7 0-1

[Event "Nikaia op 14th"]
[Site "Nikaia"]
[Date "2006.08.??"]
[Round "4"]
[White "Tzamouranis, Dimitrios"]
[Black "Lemos, Nikolaos"]
[Result "1-0"]
[WhiteElo "2005"]
[BlackElo "2030"]
[PlyCount "132"]
[EventDate "2006.08.??"]
[EventType "swiss"]
[EventRounds "9"]
[EventCountry "GRE"]
[SourceTitle "EXT 2008"]
[Source "ChessBase"]
[SourceDate "2007.11.25"]
[SourceVersion "1"]
[SourceVersionDate "2007.11.25"]
[SourceQuality "1"]

1. e4 e5 2. Nf3 Nc6 3. Bb5 a6 4. Ba4 Nf6 5. d4 exd4 6. 0-0 Be7 7. e5 Ne4 8. Nxd4 0-0 9. Re1 Nc5 10. Nxc6 dxc6 11. Qxd8 Rxd8 12. Bb3 Nxb3 13. axb3 Bf5 14. c3 Be6 15. b4 c5 16. bxc5 Bxc5 17. Nd2 Rd3 18. Nf1 Rad8 19. Be3 Be7 20. f4 g6 21. Kf2 R3d5 22. Re2 Bc5 23. Bxc5 Rxc5 24. Ne3 h5 25. Kg3 Bc4 26. Nxc4 Rxc4 27. Kf3 Rd3+ 28. Re3 Rxe3+ 29. Kxe3 Kf8 30. Rd1 Ke7 31. Rd4 Rxd4 32. Kxd4 Ke6 33. Ke4 c5 34. g3 b5 35. b4 c4 36. h3 f6 37. exf6 Kxf6 38. g4 hxg4 39. hxg4 Ke6 40. Kd4 Kd6 41. f5 gxf5 42. gxf5 Ke7 43. Ke5 Kf7 44. f6 a5 45. bxa5 b4 46. a6 bxc3 47. a7 c2 48. a8Q c1Q 49. Qb7+ Kg6 50. Qg2+ Kh5 51. Qf3+ Kh6 52. Qh3+ Kg6 53. Qf5+ Kh6 54. Qh3+ Kg6 55. Qg3+ Kh5 56. Qf3+ Kg5 57. f7 Qb2+ 58. Kd6 Qb8+ 59. Ke7 Qe5+ 60. Kd7 Qb5+ 61. Qc6 Qf5+ 62. Qe6 Qb5+ 63. Ke7 Qb7+ 64. Kf8 c3 65. Kg8 Qe4 66. Qxe4 c2 1-0

[Event "Kallithea op"]
[Site "Kallithea"]
[Date "2004.09.12"]
[Round "5"]
[White "Makkas, Panayiotis"]
[Black "Tzamouranis, Dimitrios"]
[Result "1/2-1/2"]
[WhiteElo "2068"]
[BlackElo "1920"]
[PlyCount "57"]
[EventDate "2004.09.09"]
[EventType "swiss"]
[EventRounds "9"]
[EventCountry "GRE"]
[SourceTitle "EXT 2006"]
[Source "ChessBase"]
[SourceDate "2005.11.24"]
[SourceVersion "1"]
[SourceVersionDate "2005.11.24"]
[SourceQuality "1"]

1. c4 Nf6 2. d4 c6 3. Nc3 d5 4. e3 g6 5. Qb3 Qb6 6. Qxb6 axb6 7. cxd5 Nxd5 8. Nxd5 cxd5 9. Nf3 Nc6 10. a3 Bd7 11. Bd2 e6 12. Bb5 Bd6 13. 0-0 Na5 14. Bxd7+ Kxd7 15. Rac1 Rhc8 16. Rc3 Rxc3 17. Bxc3 Rc8 18. Nd2 Nc4 19. Nxc4 Rxc4 20. Rc1 b5 21. Bd2 Rxc1+ 22. Bxc1 b4 23. axb4 Bxb4 24. Kf1 Kc6 25. Ke2 Kb5 26. b3 Bd6 27. Bd2 Bb4 28. Bc1 Bc3 29. Ba3 1/2-1/2